Loading...
| Beliefs | 15 | 18.00 | 87% | 67% | 27% |
| Fine Arts - Classical Music and Opera | 8 | 12.50 | 100% | 25% | 0% |
| Fine Arts - Other Arts | 5 | 22.00 | 80% | 80% | 60% |
| Geography | 2 | 5.00 | 50% | 0% | 0% |
| History - American | 10 | 15.00 | 100% | 40% | 10% |
| History - Ancient | 9 | 15.56 | 89% | 56% | 11% |
| History - European | 7 | 18.57 | 100% | 86% | 0% |
| History - Other | 2 | 20.00 | 100% | 100% | 0% |
| History - World | 8 | 16.25 | 100% | 63% | 0% |
| Literature - American | 8 | 12.50 | 63% | 50% | 13% |
| Literature - British | 10 | 16.00 | 100% | 60% | 0% |
| Literature - European | 6 | 16.67 | 100% | 50% | 17% |
| Literature - World | 7 | 21.43 | 86% | 57% | 71% |
| Modern World | 3 | 16.67 | 100% | 67% | 0% |
| Other Academic | 2 | 20.00 | 100% | 50% | 50% |
| Philosophy | 7 | 20.00 | 100% | 71% | 29% |
| Science - Biology | 10 | 22.00 | 100% | 80% | 40% |
| Science - Chemistry | 7 | 14.29 | 100% | 43% | 0% |
| Science - Other | 11 | 14.55 | 91% | 55% | 0% |
| Science - Physics | 7 | 17.14 | 100% | 57% | 14% |
| Social Science | 13 | 15.38 | 100% | 46% | 8% |
| Visual Arts | 9 | 15.56 | 89% | 67% | 0% |